000 00439nam a2200181Ia 4500
001 14807
005 20260306164941.0
008 260306t2014||||xx |||||||||||||| ||spa||
041 _aESP
082 _a519.4
_bC28
100 _aCárdenas Morales, Daniel
_eAUT
245 0 _aAnálisis numérico:
_bprimeros pasos
260 _c2014
300 _a326 páginas :
_c24 cm.
650 _aGEN
654 _aCMA
942 _cLIB
_dJUS
_fJUS
_2ddc
_n
999 _c14807
_d14807